Questions & answers on Malaysian income tax

Bibliographic Details
Main Author: ARJUNAN Subramaniam
Other Authors: Jeyapalan
Format: Book
Published: Petaling Jaya : Pelanduk Pub. , 1992
Subjects:

MARC

LEADER 00000cam a2200000 7i4500
001 0000002380
005 20030604.0
020 0 0 |a 9679784266 
090 0 0 |a 336.2409595   |b ARJ 
100 1 0 |a ARJUNAN Subramaniam 
245 1 0 |a Questions & answers on Malaysian income tax   |c Arjunan Subramaniam, K. Jeyapalan 
260 0 0 |a Petaling Jaya :   |b Pelanduk Pub. ,   |c 1992 
300 |a 132 p. ;   |c 22 cm. 
650 0 0 |a Income tax   |z Malaysia   |x Questions and answers 
700 0 1 |a Jeyapalan   |h K. 
998 |a JPSM 
999 |a 0000004257   |b Monograph   |c Open Shelf   |e Default branch